<?xml version="1.0" encoding="UTF-8"?>
<record
    xmlns:xsi="http://www.w3.org/2001/XMLSchema-instance"
    xsi:schemaLocation="http://www.loc.gov/MARC21/slim http://www.loc.gov/standards/marcxml/schema/MARC21slim.xsd"
    xmlns="http://www.loc.gov/MARC21/slim">

  <leader>02139nam a22002417a 4500</leader>
  <controlfield tag="003">OSt</controlfield>
  <controlfield tag="005">20230328161539.0</controlfield>
  <controlfield tag="008">180801b        xxu||||| |||| 00| 0 eng d</controlfield>
  <datafield tag="020" ind1=" " ind2=" ">
    <subfield code="a">9781292092621</subfield>
  </datafield>
  <datafield tag="020" ind1=" " ind2=" ">
    <subfield code="a">9780133856460 (hbk)</subfield>
  </datafield>
  <datafield tag="040" ind1=" " ind2=" ">
    <subfield code="c">WIUC-GH</subfield>
  </datafield>
  <datafield tag="050" ind1=" " ind2=" ">
    <subfield code="a">HF5415.13.K64</subfield>
  </datafield>
  <datafield tag="100" ind1=" " ind2=" ">
    <subfield code="a">Kotler, Philip.</subfield>
    <subfield code="9">717</subfield>
  </datafield>
  <datafield tag="245" ind1=" " ind2=" ">
    <subfield code="a">Marketing management. / </subfield>
    <subfield code="c">Philip Kotler and Kevin Lane Keller.</subfield>
  </datafield>
  <datafield tag="250" ind1=" " ind2=" ">
    <subfield code="a">15th ed. </subfield>
  </datafield>
  <datafield tag="260" ind1=" " ind2=" ">
    <subfield code="a">Boston : </subfield>
    <subfield code="b">Pearson,</subfield>
    <subfield code="c">2016.</subfield>
  </datafield>
  <datafield tag="300" ind1=" " ind2=" ">
    <subfield code="a">4, 136p. :</subfield>
    <subfield code="b">ill. ;</subfield>
    <subfield code="c">28 cm.</subfield>
  </datafield>
  <datafield tag="500" ind1=" " ind2=" ">
    <subfield code="a">Includes appendix and index.</subfield>
  </datafield>
  <datafield tag="505" ind1=" " ind2=" ">
    <subfield code="a">Contents: Part 1: Understanding marketing management: 1.Defining  marketing for the new realities -- 2. Developing marketing strategies and plans  -- Part 2: Capturing marketing insights: 3. Collecting information and forecasting demand -- 4. Conducting marketing research -- Part 3: Connecting with customers: 5. Creating long-term loyalty relationships -- 6. Analyzing consumer markets -- 7. Analyzing business markets -- 8. Tapping into global markets -- Part 4: Building strong brands: 9. Identifying market segments and targets -- 10. Crafting the brand positioning -- 11. Creating brand equity -- 12. Addressing competition and driving growth -- Part 5: Creating value: 13. Setting product strategy -- 14. Designing and managing services -- 15. Introducing new market offerings -- 16. Developing pricing strategies and programs -- Part 6: Delivering value: 17. Designing and managing integrated marketing channels -- 18. Managing, retailing, wholesaling, and logistics -- Part 7: Communicating value: 19. Designing and managing integrated marketing communications --  20. Managing mass communications: advertising, sales promotions, events and experiences, and public relations -- 21. Managing digital communications: online, social media, and mobile -- 22. Managing personal communications: direct and database marketing and personal selling -- Part 8: Conductig marketing responsibly for long-term success: 23. Managing a holistic marketing organization for the long term. </subfield>
  </datafield>
  <datafield tag="650" ind1=" " ind2=" ">
    <subfield code="a">Marketing</subfield>
    <subfield code="9">25</subfield>
  </datafield>
  <datafield tag="700" ind1=" " ind2=" ">
    <subfield code="a">Keller, Kevin Lane.</subfield>
    <subfield code="9">1099</subfield>
  </datafield>
  <datafield tag="942" ind1=" " ind2=" ">
    <subfield code="2">lcc</subfield>
    <subfield code="c">BK</subfield>
  </datafield>
  <datafield tag="999" ind1=" " ind2=" ">
    <subfield code="c">6620</subfield>
    <subfield code="d">14120</subfield>
  </datafield>
  <datafield tag="952" ind1=" " ind2=" ">
    <subfield code="0">0</subfield>
    <subfield code="1">0</subfield>
    <subfield code="2">lcc</subfield>
    <subfield code="4">0</subfield>
    <subfield code="7">0</subfield>
    <subfield code="a">WIUC-1</subfield>
    <subfield code="b">WIUC-1</subfield>
    <subfield code="c">REF</subfield>
    <subfield code="d">2018-08-01</subfield>
    <subfield code="l">0</subfield>
    <subfield code="o">HF5415.13.K64</subfield>
    <subfield code="p">8356/176/18</subfield>
    <subfield code="r">2018-08-01 00:00:00</subfield>
    <subfield code="t">1</subfield>
    <subfield code="w">2018-08-01</subfield>
    <subfield code="y">BK</subfield>
  </datafield>
  <datafield tag="952" ind1=" " ind2=" ">
    <subfield code="0">0</subfield>
    <subfield code="1">0</subfield>
    <subfield code="2">lcc</subfield>
    <subfield code="4">0</subfield>
    <subfield code="7">0</subfield>
    <subfield code="a">WIUC-1</subfield>
    <subfield code="b">WIUC-1</subfield>
    <subfield code="c">REF</subfield>
    <subfield code="d">2018-08-01</subfield>
    <subfield code="l">0</subfield>
    <subfield code="o">HF5415.13.K641</subfield>
    <subfield code="p">8259/077/18</subfield>
    <subfield code="r">2018-08-01 00:00:00</subfield>
    <subfield code="t">2</subfield>
    <subfield code="w">2018-08-01</subfield>
    <subfield code="y">BK</subfield>
  </datafield>
  <datafield tag="952" ind1=" " ind2=" ">
    <subfield code="0">0</subfield>
    <subfield code="1">0</subfield>
    <subfield code="2">lcc</subfield>
    <subfield code="4">0</subfield>
    <subfield code="7">0</subfield>
    <subfield code="a">WIUC-KL</subfield>
    <subfield code="b">WIUC-KL</subfield>
    <subfield code="c">GEN</subfield>
    <subfield code="d">2023-03-11</subfield>
    <subfield code="l">0</subfield>
    <subfield code="o">HF5415.13.K64(15e)</subfield>
    <subfield code="p">K/3008/0106/23</subfield>
    <subfield code="r">2023-03-28 00:00:00</subfield>
    <subfield code="w">2018-08-01</subfield>
    <subfield code="y">BK</subfield>
  </datafield>
</record>
